| Поле | Инд. | ПП | Название | Значение |
|---|---|---|---|---|
| Тип записи | a | |||
| Библиографический уровень | b | |||
| 001 | Контрольный номер | RU/IS/BASE/414862424 | ||
| 005 | Дата корректировки | 20190603133231.5 | ||
| 008 | Кодируемые данные | 20130222 | ||
| 040 | b | Код языка каталог. | rus | |
| e | Правила каталог. | PSBO | ||
| 041 | 0_ | a | Код языка текста | rus |
| 084 | a | Индекс другой классификации/Индекс ББК | 63.3(2)6-33ю11 | |
| 245 | 10 | a | Заглавие | Посетители кремлевского кабинета И. В. Сталина |
| b | Продолж. заглавия | Журналы (тетради) лиц, принятых генсеком. 1924 - 1953 гг. | ||
| 500 | a | Примечание | Продолжение (начало публ. в № 6 за 1994 г. далее: 1995, №№ 2 - 6). Алфавитный указатель см. в № 4 за 1998 г. | |
| 600 | a | Персоналии | Сталин Иосиф Виссарионович | |
| 650 | a | Основная рубрика | внутренняя политика | |
| a | Основная рубрика | история | ||
| 653 | a | Ключевые слова | XX век | |
| a | Ключевые слова | Россия | ||
| a | Ключевые слова | СССР | ||
| 773 | 08 | t | Заглавие источника | Исторический архив |
| d | Дата издания источника | 1996 | ||
| g | Прочая информация | № 2. - С. 3 - 72 ; № 3. - С. 3 - 86 ; № 4. - С. 66 - 131 ; № 5-6. - С. 3 - 61 | ||
| w | Контрольный № источника | RU/IS/BASE/142005402 | ||
| 901 | t | Тип документа | b |